=LDR 00000nam 2200000 4500 =001 NUTBA000000000004908 =005 20141014104024.0 =006 =007 =008 =020 ##$$a 602-851909-X =035 ##$$a 0010-101400000000138 =040 ##$$a NBPDMAT =082 ##$$a 639.25 =090 ##$$a 639.28 $b Ali b =100 ##$$a Aliya =245 ##$$a Berburu paus di lamaleva / $c Aliya ; editor, Leni Fitriani =250 ##$$a Cet.2 =260 ##$$a Jakarta : $b Ghina Walatofa, $c 2011 =300 ##$$a iv, 52 hlm. : $b ilus. ; $c 24 cm. =500 ##$$a Bibliografi : hlm. 51 =650 ##$$a Ikan Paus, Penangkapan =700 ##$$a Leni Fitriani =850 ##$$a NBPDMAT